Same-Sex Partner Immigration Countries Quiz Stats

 Plays Quiz not verified by Sporcle

Also try: Sporcle Dog Trivia
Challenge
Share
Tweet
Embed
Score 0/20 Timer 05:00
0 Plays Today
Country % Correct
United Kingdom
94.5%
Canada
91.5%
Spain
91.5%
France
91.4%
Germany
91.2%
Sweden
89.1%
Norway
86.6%
The Netherlands
85.5%
Finland
84.5%
Denmark
82.4%
Country % Correct
Belgium
82.2%
Australia
81.9%
Portugal
80.1%
Switzerland
75.9%
New Zealand
75.7%
Brazil
68.9%
Iceland
67.1%
South Africa
53.9%
Argentina
52.9%
Israel
36.8%

You're not logged in!

Compare scores with friends on all Sporcle quizzes.
OR
Log In

You Might Also Like...

Show Comments

Extras

Top Quizzes Today


Score Distribution

Your Account Isn't Verified!

In order to create a playlist on Sporcle, you need to verify the email address you used during registration. Go to your Sporcle Settings to finish the process.

Report this User

Report this user for behavior that violates our Community Guidelines.

Details: